Euro - jeho vplyv na bankové prostredie na Slovensku bakalárska práca

Uložené v:
Podrobná bibliografia
Hlavný autor: Mižúr, Ondrej
Korporativný autor: Národohospodárska fakulta EU. Katedra bankovníctva a medzinárodných financií
Ďalší autori: Střelecká, Zdenka
Médium: Kniha
Jazyk:Slovak
Vydavateľské údaje: Bratislava 2010
Tagy: Pridať tag
Žiadne tagy, Buďte prvý, kto otaguje tento záznam!

MARC

LEADER 00000nbm a2200000 4500
001 0132970
005 20161109111457.9
041 0 |a slo 
044 |a SK 
245 1 0 |a Euro - jeho vplyv na bankové prostredie na Slovensku  |b bakalárska práca  |c Ondrej Mižúr ; školiteľ: Zdenka Střelecká 
264 1 |a Bratislava  |c 2010 
300 |a 42 s. 
100 1 |a Mižúr, Ondrej 
700 1 |a Střelecká, Zdenka 
710 2 |a Národohospodárska fakulta EU. Katedra bankovníctva a medzinárodných financií